000 00299nam a22001337a 4500
008 170608b xxu||||| |||| 00| 0 eng d
020 _a1403971455
041 _aeng
080 _a327
100 _a18
101 _aSHP
245 _aPOLITICS IS ABOUT RELATIONSHIP
_cSAUNDERS,H.H
942 _2udc
_cBK
999 _c16487
_d16487